000 01369cab a2200265 4500
001 ABS67550
008 040217n2004 000 0 eng u
035 _a(Sirsi) u125170
100 _aMcNeil, J.
245 _aAbolition of the feudal system: The new law of real burdens
260 _c2004
490 _aJournal of the Law Society of Scotland
_v49(1) January 2004, 56-57
490 _aJournal of the Law Society of Scotland
_v49(2) February 2004, 54-55(4)
520 _aFirst two articles in a series looking at the abolition of the feudal system in Scotland and its effect on land ownership. Outlines the key features of the Abolition of Feudal Tenure Etc (Scotland) Act 2000 including extinction of feuduties and the extinction of the superior's right to enforce real burdens. Explains the provisions permitting reallocation of feudal burdens and the fate of development value burdens. The law relating to real burdens will be dealt with by the Title Conditions (Scotland) Act 2003. Both Acts are due to come into force on 28 November 2004.
590 _aABS
650 _aSCOTLAND
650 _aABOLITION OF FEUDAL TENURE ETC (SCOTLAND) ACT 2000
650 _aTITLE CONDITIONS (SCOTLAND) ACT 2003
650 _aFEUDAL SYSTEM
650 _aREAL BURDENS
650 _aLAND TENURE
650 _aLAND OWNERSHIP
690 _aPROPERTY
942 _n0
999 _c74152
_d74152